000
00439nam a2200133Ia 4500
008
100328s9999 xx 000 0 und d
082
_b
71870
100
_a
बारटक्के सुहास.
245
_a
बल्ल्या व इतर कथा
260
_b
दिलीपराज.
630
_a
बल्ल्या व इतर कथा
730
_a
बल्ल्या व इतर कथा
942
_c
BOOK
999
_c
557593
_d
557590